<?xml version="1.0" encoding="UTF-8"?>
<record
    xmlns:xsi="http://www.w3.org/2001/XMLSchema-instance"
    xsi:schemaLocation="http://www.loc.gov/MARC21/slim http://www.loc.gov/standards/marcxml/schema/MARC21slim.xsd"
    xmlns="http://www.loc.gov/MARC21/slim">

  <leader>01160nam a2200253Ia 4500</leader>
  <controlfield tag="003">OSt</controlfield>
  <controlfield tag="005">20241010164225.0</controlfield>
  <controlfield tag="008">200731s9999    xx            000 0 und d</controlfield>
  <datafield tag="020" ind1=" " ind2=" ">
    <subfield code="a">7563363882</subfield>
  </datafield>
  <datafield tag="020" ind1=" " ind2=" ">
    <subfield code="a">9787563363889</subfield>
  </datafield>
  <datafield tag="040" ind1=" " ind2=" ">
    <subfield code="c">0</subfield>
  </datafield>
  <datafield tag="041" ind1=" " ind2=" ">
    <subfield code="a">chi</subfield>
  </datafield>
  <datafield tag="050" ind1=" " ind2=" ">
    <subfield code="a">BR128.C4</subfield>
    <subfield code="b">.D65 2007 </subfield>
  </datafield>
  <datafield tag="100" ind1=" " ind2=" ">
    <subfield code="a">&#x8463;&#x4E1B;&#x6797;</subfield>
  </datafield>
  <datafield tag="245" ind1=" " ind2=" ">
    <subfield code="a">&#x9F8D;&#x8207;&#x4E0A;&#x5E1D;:</subfield>
    <subfield code="b">&#x57FA;&#x7763;&#x6559;&#x8207;&#x4E2D;&#x570B;&#x50B3;&#x7D71;&#x6587;&#x5316; /</subfield>
    <subfield code="c">&#x8463;&#x4E1B;&#x6797;</subfield>
  </datafield>
  <datafield tag="246" ind1=" " ind2=" ">
    <subfield code="a">&#x9F99;&#x4E0E;&#x4E0A;&#x5E1D; :</subfield>
    <subfield code="b">&#x57FA;&#x7763;&#x6559;&#x4E0E;&#x4E2D;&#x56FD;&#x4F20;&#x7EDF;&#x6587;&#x5316;/</subfield>
  </datafield>
  <datafield tag="260" ind1=" " ind2=" ">
    <subfield code="a">&#x5E7F;&#x897F;:</subfield>
    <subfield code="b">&#x5E7F;&#x897F;&#x5E08;&#x8303;&#x5927;&#x5B66;&#x51FA;&#x7248;&#x793E;,</subfield>
    <subfield code="c">2007</subfield>
  </datafield>
  <datafield tag="300" ind1=" " ind2=" ">
    <subfield code="a">230 &#xA0;p. :</subfield>
    <subfield code="b">ill. ; </subfield>
    <subfield code="c">22 cm.</subfield>
  </datafield>
  <datafield tag="505" ind1=" " ind2=" ">
    <subfield code="a">
&#x5F15;&#x8A00; : &#x9727;&#x4E2D;&#x5C0B;&#x6A13;&#x53F0; -- &#x7B2C;&#x4E00;&#x7AE0;. &#x7B2C;&#x4E00;&#x6735;&#x6D6A;&#x82B1; -- &#x7B2C;&#x4E8C;&#x7AE0;. &#x99AC;&#x80CC;&#x4E0A;&#x7684;&#x7570;&#x5BA2; -- &#x7B2C;&#x4E09;&#x7AE0;. &#x78D0;&#x77F3;&#x958B;&#x88C2; -- &#x7B2C;&#x56DB;&#x7AE0;. &#x4E4D;&#x6696;&#x9084;&#x5BD2; -- &#x7B2C;&#x4E94;&#x7AE0;. &#x5206;&#x5408;&#x4E4B;&#x9053; -- &#x7B2C;&#x516D;&#x7AE0;. &#x4E00;&#x62B9;&#x6DE1;&#x8679; -- &#x7B2C;&#x4E03;&#x7AE0;. &#x626D;&#x66F2;&#x7684;&#x5341;&#x5B57;&#x67B6; -- &#x7B2C;&#x516B;&#x7AE0;. &#x592A;&#x5E73;&#x4E0A;&#x5E1D; -- &#x7B2C;&#x4E5D;&#x7AE0;. &#x671B;&#x6D77;&#x6A13;&#x706B; -- &#x7B2C;&#x5341;&#x7AE0;. &#x9811;&#x5F37;&#x7684;&#x5821;&#x58D8; -- &#x7B2C;&#x5341;&#x4E00;&#x7AE0;. &#x8352;&#x8A95;&#x8207;&#x5408;&#x7406; -- &#x7B2C;&#x5341;&#x4E8C;&#x7AE0;. &#x65B0;&#x5B78;&#x7684;&#x7A97;&#x53E3; -- &#x5C3E;&#x8072;.&#x9644;&#x53C3;&#x8003;&#x66F8;&#x76EE;.</subfield>
  </datafield>
  <datafield tag="650" ind1=" " ind2=" ">
    <subfield code="a">China -- Civilization -- Christian influences.</subfield>
  </datafield>
  <datafield tag="650" ind1=" " ind2=" ">
    <subfield code="a">Chinese -- Religion.</subfield>
  </datafield>
  <datafield tag="650" ind1=" " ind2=" ">
    <subfield code="a">Christianity and other religions -- Chinese.</subfield>
  </datafield>
  <datafield tag="942" ind1=" " ind2=" ">
    <subfield code="2">ddc</subfield>
    <subfield code="c">CB</subfield>
  </datafield>
  <datafield tag="952" ind1=" " ind2=" ">
    <subfield code="0">0</subfield>
    <subfield code="1">0</subfield>
    <subfield code="4">0</subfield>
    <subfield code="7">0</subfield>
    <subfield code="a">GETS</subfield>
    <subfield code="b">GETS</subfield>
    <subfield code="c">GEN</subfield>
    <subfield code="d">2020-07-09</subfield>
    <subfield code="l">0</subfield>
    <subfield code="o">BR128.C4 .D65 2007&#xA0;</subfield>
    <subfield code="p">00000066</subfield>
    <subfield code="r">2020-07-09 00:00:00</subfield>
    <subfield code="w">2020-07-09</subfield>
    <subfield code="y">CB</subfield>
  </datafield>
  <datafield tag="999" ind1=" " ind2=" ">
    <subfield code="c">66</subfield>
    <subfield code="d">66</subfield>
  </datafield>
</record>
